000 006250000a22001810004500
003 MACL
005 20160205123709.0
008 160205b xxu||||| |||| 00| 0 eng d
040 _aMACL
_cMACL
041 _aHindi
082 _a020
100 _aशास्‍त्री श्री अनुज
_936938
245 _aपुस्‍तकालय पद़धति सैद़धांतिक आर व्‍यवहारिक
260 _bशोभा प्रिंटिंग प्रेस
_c1986
_aपटना
350 _a30
650 _aLibrary & Inf Science
_936940
942 _cHIN
_k020
_2ddc
999 _c29478
_d29478